000 00835nam a22001937a 4500
005 20260305105848.0
008 240820b ||||| |||| 00| 0 eng d
082 _aDPer 155.205 J826 October-December 2020 v. 119 n. 4-6
100 _aCorrell, Joshua.
_eauthor.
_958367
245 _aAn error in the analysis of "An Eye for the I" /
_cJoshua Correll and Sean M. Hudson.
260 _aWashington, DC ;
_bAmerican Psychological Association ,
_cNovember 2020.
300 _aVolume 119, pages 1030-1036 :
_billustration ;
_c28 cm.
500 _aJournal of Personality and Social Psychology, vol. 119, no. 5, pages 1030-1036, November 2020.
650 _aPsychology.
_961259
650 _aAttitude (Psychology).
_961260
700 _aCorrell, Joshua.
_eauthor.
_958367
700 _aHudson, Sean M.
_eauthor.
_958368
942 _2ddc
_cPER
999 _c20662
_d20662